000
00257nam a22001217a 4500
008
181218b xxu||||| |||| 00| 0 eng d
041
_a
eng
080
_a
311
100
_a
39
101
_a
STA
245
_a
Statistics Library
_c
David.TH
942
_2
udc
_c
BK
999
_c
53388
_d
53388